000
00293nam a22001097a 4500
008
160523b xxu||||| |||| 00| 0 eng d
020
_a
0070170371
041
_a
eng
080
_a
003.2
245
_a
Literature: / Reading fiction; poetry, drama, and the essay:
_c
Robert DiYanni;
942
_2
udc
_c
BK
999
_c
2393
_d
2393